From Matter to Life: (Record no. 120843)

MARC details
000 -LEADER
fixed length control field 00924nam a2200277 a 4500
008 - FIXED-LENGTH DATA ELEMENTS--GENERAL INFORMATION
fixed length control field
020 ## - INTERNATIONAL STANDARD BOOK NUMBER
International Standard Book Number 9781107150539 (hardback)
040 ## - CATALOGING SOURCE
Original cataloging agency NUST
Transcribing agency NUST
049 ## - LOCAL HOLDINGS (OCLC)
Holding library MAIN
090 ## - LOCALLY ASSIGNED LC-TYPE CALL NUMBER (OCLC); LOCAL CALL NUMBER (RLIN)
Classification number (OCLC) (R) ; Classification number, CALL (RLIN) (NR) QH325
Local cutter number (OCLC) ; Book number/undivided call number, CALL (RLIN) FRO
003 - CONTROL NUMBER IDENTIFIER
control field
005 - DATE AND TIME OF LATEST TRANSACTION
control field 20230120204314.0
245 10 - TITLE STATEMENT
Title From Matter to Life:
Remainder of title information and causality /
Statement of responsibility, etc. edited by Walker Sara Imari, Davies Paul C. W. and Ellis George F. R.
260 ## - PUBLICATION, DISTRIBUTION, ETC.
Place of publication, distribution, etc. United Kingdom :
Name of publisher, distributor, etc. Cambridge University Press,
Date of publication, distribution, etc. 2017
300 ## - PHYSICAL DESCRIPTION
Extent xxii, 494 pages :
Other physical details illustrations ;
Dimensions 25 cm
336 ## - CONTENT TYPE
Content type term text
Content type code txt
Source rdacontent
337 ## - MEDIA TYPE
Media type term unmediated
Media type code n
Source rdamedia
338 ## - CARRIER TYPE
Carrier type term volume
Carrier type code nc
Source rdacarrier
500 ## - GENERAL NOTE
General note Includes index.
650 #1 - SUBJECT ADDED ENTRY--TOPICAL TERM
Topical term or geographic name entry element Information abd Casuality.
700 ## - ADDED ENTRY--PERSONAL NAME
Personal name Ellis, George F. R.
700 ## - ADDED ENTRY--PERSONAL NAME
Personal name Davies, Paul C. W.
700 ## - ADDED ENTRY--PERSONAL NAME
Personal name Walker, Sara Imari.
907 ## - LOCAL DATA ELEMENT G, LDG (RLIN)
a .b10408034
b 11-08-21
c 11-08-21
942 ## - ADDED ENTRY ELEMENTS (KOHA)
Koha item type Ordinary Loan Books
Call number prefix QH325
Call number suffix FRO
Holdings
Date last seen Total Checkouts Full call number Barcode Cost, replacement price Price effective from Koha item type Lost status Source of classification or shelving scheme Damaged status Not for loan Collection Withdrawn status Home library Current library Shelving location Date acquired Cost, normal purchase price
01/20/2023   QH325 FRO 92004049416 80.00 01/20/2023 BOOKS   LCC     NFIC   Medical Medical GEN 01/20/2023 80.00